<?xml version="1.0" encoding="UTF-8"?>
<record
    xmlns:xsi="http://www.w3.org/2001/XMLSchema-instance"
    xsi:schemaLocation="http://www.loc.gov/MARC21/slim http://www.loc.gov/standards/marcxml/schema/MARC21slim.xsd"
    xmlns="http://www.loc.gov/MARC21/slim">

  <leader>00767nam a2200157   4500</leader>
  <controlfield tag="008">708 IN58i</controlfield>
  <datafield tag="020" ind1=" " ind2=" ">
    <subfield code="a">9789930944325</subfield>
  </datafield>
  <datafield tag="082" ind1=" " ind2=" ">
    <subfield code="a">708</subfield>
    <subfield code="b">IN58i</subfield>
  </datafield>
  <datafield tag="100" ind1=" " ind2=" ">
    <subfield code="a">Castillo, Eder; Mari&#xE1;tegui, Jos&#xE9; Carlos; </subfield>
    <subfield code="9">7020</subfield>
  </datafield>
  <datafield tag="245" ind1=" " ind2=" ">
    <subfield code="a">Inquieta Imagen 2011</subfield>
  </datafield>
  <datafield tag="260" ind1=" " ind2=" ">
    <subfield code="a">San Jos&#xE9;, Costa Rica </subfield>
    <subfield code="b">Museo de Arte y Dise&#xF1;o Contempor&#xE1;neo </subfield>
    <subfield code="c">2011</subfield>
  </datafield>
  <datafield tag="300" ind1=" " ind2=" ">
    <subfield code="a">60 p.</subfield>
    <subfield code="b">il (col) </subfield>
    <subfield code="c">21 x 24 cm </subfield>
  </datafield>
  <datafield tag="505" ind1=" " ind2=" ">
    <subfield code="t">Presentaci&#xF3;n </subfield>
    <subfield code="t">Jurados / CVs</subfield>
    <subfield code="t">Asumiendo el riesgo </subfield>
    <subfield code="t">Acta del Jurado </subfield>
    <subfield code="t">Premio</subfield>
    <subfield code="t">Menciones </subfield>
    <subfield code="t">Selecciones </subfield>
    <subfield code="t">Calendario de Actividades </subfield>
    <subfield code="t">Taller: Esto no es solo un v&#xED;deo </subfield>
    <subfield code="t">Datos de participaci&#xF3;n </subfield>
    <subfield code="t">Translations </subfield>
    <subfield code="t">Cr&#xE9;ditos </subfield>
  </datafield>
  <datafield tag="650" ind1=" " ind2=" ">
    <subfield code="x">arte contempor&#xE1;neo </subfield>
    <subfield code="x">arte - exhibiciones </subfield>
    <subfield code="x">arte - tecnolog&#xED;a </subfield>
    <subfield code="x">arte - video</subfield>
    <subfield code="9">7021</subfield>
  </datafield>
  <datafield tag="700" ind1=" " ind2=" ">
    <subfield code="a">Monge Picado, Mar&#xED;a Jos&#xE9; (curadur&#xED;a) </subfield>
    <subfield code="9">7022</subfield>
  </datafield>
  <datafield tag="999" ind1=" " ind2=" ">
    <subfield code="c">1777</subfield>
    <subfield code="d">1777</subfield>
  </datafield>
  <datafield tag="952" ind1=" " ind2=" ">
    <subfield code="0">0</subfield>
    <subfield code="1">0</subfield>
    <subfield code="2">ddc</subfield>
    <subfield code="4">0</subfield>
    <subfield code="7">0</subfield>
    <subfield code="a">LV</subfield>
    <subfield code="b">LV</subfield>
    <subfield code="c">Colectivas</subfield>
    <subfield code="d">2019-05-11</subfield>
    <subfield code="l">0</subfield>
    <subfield code="o">708 IN58i</subfield>
    <subfield code="p">004772</subfield>
    <subfield code="r">2019-05-11 00:00:00</subfield>
    <subfield code="w">2019-05-11</subfield>
    <subfield code="y">01</subfield>
  </datafield>
</record>
